000 00635nam a2200181Ia 4500
999 _c10684
_d10684
082 _aTL.0052
100 _aLakshminarayanan, Panchapakesa
245 0 _aAnalytical study of differential rate of interest scheme and its impact on beneficiaries : With particular reference to Nagpur city
260 _c1993
_bNagpur University
300 _a248p.
650 _aRATE OF INTEREST//INTEREST RATES
650 _aINTEREST RATES - INDIA
650 _aBACKWARD CLASSES - ECONOMIC CONDITIONS - MAHARASHTRA - NAGPUR
650 _aBANK LOANS - INDIA
650 _aRATES, INTEREST//INTEREST RATES
710 _aKale, Ram
942 _cTH
_2ddc